[Event "Martinique-ch 29th"]
[Site "Fort de France"]
[Date "2013.05.21"]
[Round "8"]
[White "Suez Panama, Gilles"]
[Black "Mendiondo, Penalver Yosvan"]
[Result "0-1"]
[WhiteElo "2059"]
[BlackElo "2040"]
[PlyCount "92"]
[EventDate "2013.05.18"]
[EventType "tourn"]
[EventRounds "11"]
[EventCountry "MFR"]
[SourceTitle "EXT 2014"]
[Source "ChessBase"]
[SourceDate "2013.11.20"]
[SourceVersion "1"]
[SourceVersionDate "2013.11.20"]
[SourceQuality "1"]

1. d4 g6 2. Nf3 Bg7 3. c4 c5 4. d5 d6 5. g3 a6 6. e4 Nf6 7. Nc3 0-0 8. Qd3 e6 9. dxe6 Bxe6 10. Bg2 Nc6 11. 0-0 Nb4 12. Qe2 b5 13. cxb5 axb5 14. Nxb5 Bxa2 15. Bf4 d5 16. exd5 Nfxd5 17. Bg5 Qb6 18. Rfc1 Rfe8 19. Be3 Nxe3 20. fxe3 Rad8 21. Nc3 Bb3 22. Na4 Bxa4 23. Rxa4 Bh6 24. Rc3 Nd5 25. Rd3 Bxe3+ 26. Kh1 Bc1 27. Ne5 Nb4 28. Rxd8 Qxd8 29. Ra8 Qe7 30. Rxe8+ Qxe8 31. Bf3 Bh6 32. Ng4 Qxe2 33. Nxh6+ Kg7 34. Nf5+ Kf6 35. Bxe2 Kxf5 36. Kg2 h6 37. Kf3 Ke5 38. Ke3 f5 39. Bc4 g5 40. b3 f4+ 41. Kf3 fxg3 42. Kxg3 Nc2 43. h4 Ne3 44. Bd3 Nf5+ 45. Bxf5 Kxf5 46. hxg5 Kxg5 0-1